• 首页
  • 本馆介绍
  • 公告通知
  • 最新文献
  • 馆藏检索
  • 电子资源
  • 读者导购
  • 参考咨询
  • 我的图书馆
  • 登录
  • 详细信息显示
  • 放入我的书架
  • 预约/预借图书
  • 作者相关作品
  • 分类相关作品
  • 丛书相关作品
  • 出版社相关作品

书目信息

  • 表格格式
  • 工作单格式
  • 卡片格式
题名:
信息技术与化学课程整合教程
    
 
作者: 陆真 编著
分册:  
出版信息: 北京   科学出版社  2016.11
页数: 190页
开本: 24cm
丛书名:
单 册:
中图分类: G633.672 , G633.82
科图分类:
主题词: 中学--计算机课--教学研究--研究生--教材 , 中学化学课--教学研究--研究生--教材
电子资源:
ISBN: 978-7-03-050520-0
000 00943nam0 2200253 450
001 4403
005 20181011114116.98
010    @a978-7-03-050520-0@dCNY59.00
100    @a20170215d2016 em y0chiy50 ea
101 0  @achi
102    @aCN@b110000
105    @aa z 000yy
200 1  @a信息技术与化学课程整合教程@9xin xi ji shu yu hua xue ke cheng zheng he jiao cheng@f陆真编著
210    @a北京@c科学出版社@d2016.11
215    @a190页@c图@d24cm
300    @a全国高等院校教育硕士规划用书
330    @a本书共15章,包括信息技术在教育中应用的理论与教学结构、信息技术与课程整合的教学模式和教师信息素养构成、信息技术与化学课程整合的应用、信息技术与化学课程整合的工具软件介绍四部分内容。
606 0  @a中学@x计算机课@x教学研究@x研究生@j教材
606 0  @a中学化学课@x教学研究@x研究生@j教材
690    @aG633.672@v5
690    @aG633.82@v5
701  0 @a陆真@9lu zhen@4编著
801  0 @aCN@b91MARC@c20170215
905    @aMuseLib@dG633.672@e726
    
    信息技术与化学课程整合教程/陆真编著.-北京:科学出版社,2016.11
    190页:图;24cm
    全国高等院校教育硕士规划用书
    
    ISBN 978-7-03-050520-0:CNY59.00
    本书共15章,包括信息技术在教育中应用的理论与教学结构、信息技术与课程整合的教学模式和教师信息素养构成、信息技术与化学课程整合的应用、信息技术与化学课程整合的工具软件介绍四部分内容。
●
相关链接 在E读中查询图书 在五车中查询图书 在当当中查询图书 在豆瓣中查询图书


正题名:信息技术与化学课程整合教程     索取号:G633.672/726         预约/预借

序号 登录号 条形码 馆藏地/架位号 状态 备注
1 1124954   211249549   第一样本阅览室/ [索取号:G633.672/726] 在馆    
2 1124955   211249558   化学系资料室/ [索取号:G633.672/726] 在馆    
3 1124956   211249567   第四借阅区/ [索取号:G633.672/726] 在馆    
唐山师范学院图书馆 欢迎您!
大连网信软件有限公司© 版权所有